| 000 | 01343nmm a2200421 a 4500 | ||
|---|---|---|---|
| 003 | AR-BaBNM | ||
| 005 | 20251128205605.0 | ||
| 008 | 268019s1995 ||||||||||||||000 | spa|| | ||
| 020 | _a950-40-0038-X | ||
| 040 | _cAR-BaBNM | ||
| 100 | 1 | _aRock, David | |
| 245 | 1 | 0 |
_aArgentina 1516-1987 _bDesde la colonización española hasta Alfonsín |
| 250 | _a5ª ed. | ||
| 260 |
_aBuenos Aires _bAlianza Editorial _c1995 |
||
| 300 |
_a530 p. _btablas, mapas |
||
| 500 | _aGlosario p. 524-530 | ||
| 504 | _aBibliografía p. 495-523 | ||
| 600 | 1 | 4 |
_aRosas, Juan Manuel de _d1829-1832 |
| 600 | 1 | 4 |
_aRosas, Juan Manuel de _d1835-1852 |
| 600 | 1 | 4 |
_aPerón, Juan Domingo _d1946-1951 |
| 600 | 1 | 4 |
_aPerón, Juan Domingo _d1952-1855 |
| 600 | 1 | 4 |
_aAlfonsín, Raúl Ricardo _d1983-1989 |
| 610 | 2 | 4 | _aUnión Cívica Radical [Argentina] |
| 650 | 4 | _aHISTORIA ARGENTINA | |
| 650 | 4 | _aROSAS Y SU TIEMPO | |
| 650 | 4 | _aCONGRESO CONSTITUYENTE DE 1853 | |
| 650 | 4 | _aGENERACION DE 1880 | |
| 650 | 4 | _aCONSERVADURISMO | |
| 650 | 4 | _aDESCUBRIMIENTO DEL RIO DE LA PLATA | |
| 650 | 4 | _aCOLONIZACION DEL RIO DE LA PLATA | |
| 650 | 4 | _aVIRREINATO DEL RIO DE LA PLATA | |
| 650 | 4 | _aINDEPENDENCIA ARGENTINA | |
| 650 | 4 | _aROSAS Y SU TIEMPO | |
| 650 | 4 | _aGUERRA DE MALVINAS | |
| 700 | 1 |
_aMíguez, Néstor _etraductor |
|
| 942 | _cBK | ||
| 998 | _cMariana | ||
| 999 |
_c12030 _d12030 |
||